KOHA-Header-6

Interconnecting Cisco Network Devices (Record no. 13146)

000 -LEADER
fixed length control field 00226nam a2200097Ia 4500
100 ## - MAIN ENTRY--AUTHOR NAME
Personal name Steve McQuerry
245 #0 - TITLE STATEMENT
Title Interconnecting Cisco Network Devices
260 ## - PUBLICATION, DISTRIBUTION, ETC. (IMPRINT)
Place of publication New Delhi
Name of publisher McGraw Hill
Year of publication 2017
300 ## - PHYSICAL DESCRIPTION
Number of Pages 442
942 ## - ADDED ENTRY ELEMENTS (KOHA)
Koha item type Books
Holdings
Withdrawn status Lost status Collection code Permanent Location Current Location Shelving location Date acquired Full call number Accession Number Koha item type
    Computer Networking MAJU MAJU   2021-09-01 004 2703 Computer Networking

Powered by Koha